| 000 | 00554nam a2200217Ia 4500 | ||
|---|---|---|---|
| 003 | OSt | ||
| 005 | 20220928144737.0 | ||
| 006 | a|||||r|||| 00| 0 | ||
| 007 | ta | ||
| 008 | 220927b |||||||| |||| 00| 0 eng d | ||
| 024 | _a73497 | ||
| 037 | _cTextual | ||
| 040 |
_aSDCL _cSDCL _beng |
||
| 041 |
_2eng _aeng |
||
| 082 | _aWk, M7 RR | ||
| 100 |
_aDavid Miller Ed. _9509419 |
||
| 245 | 0 | _aBlackwell Encyclopedia of political thought. | |
| 260 | _c1987 | ||
| 942 |
_hWk, M7 RR _cTEXL _2CC |
||
| 999 |
_c829396 _d829396 |
||